000 00148nam a22000857a 4500
082 _a001
100 _aZUBIR
245 _aBRAIN GYMNASTRIES
942 _cBK
999 _c8457
_d8457